Max Uhle : aportes a la arqueología del austro ecuatoriano.

Detalles Bibliográficos
Formato: Electrónico eBook
Lenguaje:español
Publicado: Cuenca, Ecuador : Universidad del Azuay, Casa Editora, [2019]
Edición:Primera edición.
Materias:
Acceso en línea:Digitalia Hispánica

MARC

LEADER 00000nam a2200000 i 4500
001 DIGUAZUAY0057
003 NyNyDIG
007 cr |||||||||||
008 260119s2019 ec ceo ob 000 0 spa d
006 m o d
035 |a (OCoLC)1569883819 
040 |a DGITA  |b eng  |e rda  |e pn  |c DGITA 
020 |a 9789942822192  |q eBook 
020 |z 9789942822185 
043 |a s-ec--- 
050 1 4 |a F3721 ebook 
245 0 0 |a Max Uhle :  |b aportes a la arqueología del austro ecuatoriano. 
250 |a Primera edición. 
264 1 |a Cuenca, Ecuador :  |b Universidad del Azuay, Casa Editora,  |c [2019] 
300 |a 1 online resource :  |b portraits, plans, photographs. 
336 |a text  |b txt  |2 rdacontent 
337 |a computer  |b c  |2 rdamedia 
338 |a online resource  |b cr  |2 rdacarrier 
347 |a text file  |2 rdaft 
347 |b PDF 
504 |a Includes bibliographical references. 
588 0 |a Online resource; title from PDF title page (Digitalia, viewed January 19, 2026) 
600 1 0 |a Uhle, Max,  |d 1856-1944. 
650 0 |a Indians of South America  |z Ecuador  |x Antiquities. 
650 0 |a Indians of South America  |z Ecuador  |x History. 
700 1 |a Uhle, Max,  |d 1856-1944,  |e honoree. 
710 2 |a Universidad del Azuay,  |e issuing body. 
791 2 |a Digitalia (Firm),  |e distributor. 
793 0 |g Digitalia eBook Collection:  |a Universidad del Azuay 
776 0 8 |i Print version:  |t Max Uhle.  |b Primera edición.  |d Cuenca, Ecuador : Universidad del Azuay, Casa Editora, [2019]  |z 9789942822185 
856 4 0 |3 Digitalia Hispánica  |u https://www.digitaliapublishing.com/a/133440/ 
910 |a Premium collection: 2026